• 首页
  • 本馆介绍
  • 公告通知
  • 最新文献
  • 馆藏检索
  • 电子资源
  • 读者导购
  • 参考咨询
  • 我的图书馆
  • 登录
  • 详细信息显示
  • 放入我的书架
  • 预约/预借图书
  • 作者相关作品
  • 分类相关作品
  • 丛书相关作品
  • 出版社相关作品

书目信息

  • 表格格式
  • 工作单格式
  • 卡片格式
题名:
中国农业科技奖励获奖成果信息分析
    
 
作者: 袁雪
分册:  
出版信息: 北京   中国农业科学技术出版社  2016.10
页数: 771
开本: 29cm
丛书名:
单 册:
中图分类: S-12
科图分类:
主题词: 农业技术--技术现状--中国 , 农业技术--概况--中国
电子资源:
ISBN: 7-5116-2748-3
000 00626nam0 2200193 450
001 1735965424
005 20170410095925.42
010    @a7-5116-2748-3
100    @a20170410d km y0chiy0120 ea
101 0  @achi
200 1  @a中国农业科技奖励获奖成果信息分析@Azhong guo nong ye ke ji jiang li huo jiang cheng guo xin xi fen xi@f袁雪@Fyuan xue
210    @a北京@c中国农业科学技术出版社@d2016.10
215    @a771@d29cm
606 0  @a农业技术@x技术现状@x中国
606 0  @a农业技术@x概况@x中国
690    @aS-12@v4
701  0 @a袁雪@Ayuan xue
801  0 @aCN@b大连网信软件有限公司图书馆·11@c20170410
905    @b6604803@dS-12@en2@f1
    
    中国农业科技奖励获奖成果信息分析/袁雪.-北京:中国农业科学技术出版社,2016.10
    771;29cm
    
    
    ISBN 7-5116-2748-3:
    
●
相关链接 在E读中查询图书 在五车中查询图书 在当当中查询图书 在豆瓣中查询图书


正题名:中国农业科技奖励获奖成果信息分析     索取号:S-12/n2         预约/预借

序号 登录号 条形码 馆藏地/架位号 状态 备注
1 6604803   266048038   密集书库-生命科学系/ [索取号:S-12/n2] 在馆    
唐山师范学院图书馆 欢迎您!
大连网信软件有限公司© 版权所有